La sociología del cambio y el cambio de la sociología /
Guardado en:
| Autor Principal: | |
|---|---|
| Otros Autores: | |
| Formato: | Libro |
| Publicado: |
Buenos Aires :
Eudeba,
1972.
|
| Materias: | |
| Etiquetas: |
Agregar Etiqueta
Sin Etiquetas, Sea el primero en etiquetar este registro!
|
| LEADER | 00671nam a22001935a 4500 | ||
|---|---|---|---|
| 001 | EHU.bham001089 | ||
| 008 | 130507s1972##################000#0#####d | ||
| 005 | 20221114081831.0 | ||
| 245 | 1 | 0 | |a La sociología del cambio y el cambio de la sociología / |c L.A. Costa Pinto ; trad. por Oscar Uribe Villegas. |
| 260 | |a Buenos Aires : |b Eudeba, |c 1972. | ||
| 300 | |a 234 p. | ||
| 100 | 1 | |a Costa Pinto, L. A. | |
| 700 | 1 | |a Uribe Villegas, Oscar, trad. | |
| 082 | 3 | 0 | |a 301.153 C853 |
| 653 | |a Sociología-cultura | ||
| 653 | |a Cambio social | ||
| 653 | |a Desarrollo-sociología del | ||
| 653 | |a Brasil-ciencias sociales | ||
| 859 | |a AR-BHAM |b BIB. HUMANIDADES - General |h 301.153 |i C853 |p 587.88 |t Ej.1 | ||
